000 00996cam a2200277 a 4500
001 1673111
003 OSt
005 20231030072513.0
008 981103s2000 paua b 001 0 eng c
010 _a 98050604
020 _a0721677673
040 _aDNLM/DLC
_cDLC
_dDLC
050 0 0 _aRJ45
_b.N4 2000
082 0 0 _aWS 100 B331n 2000
100 _aEdited by Behrman, Richard E.; Kliegman, Robert; Jenson, Hal B.
_916817
245 0 0 _aNelson Textbook of Pediatrics.
250 _a16th ed.
260 _aPhiladelphia :
_bW.B. Saunders Co.,
_c2000.
300 _axlvii, 2414 p. :
_bill. ;
_c28 cm.
504 _aIncludes bibliographical references and index.
650 0 _aPediatrics.
_93353
906 _a7
_bcbc
_corignew
_d1
_eocip
_f19
_gy-gencatlg
942 _2z
_cO_SHELF
999 _c6894
_d6894